[Event "7th EuropCh Women"]
[Site "Kusadasi / Turkey"]
[Date "2006.04.10"]
[Round "7"]
[Board "1"]
[White "Mira, Helene"]
[Black "Fakhiridou, Ekaterini"]
[Result "0-1"]
[WhiteElo "2140"]
[BlackElo "2292"]
[PlyCount "170"]
[EventDate "2006.04.04"]
[EventRounds "11"]
[EventCountry "AUT"]

1.Nf3 d6 2.d4 g6 3.c4 Bg7 4.Nc3 Nd7 5.e4 e5 6.d5 Ne7 7.h4 Nf6 8.Be2 h6 9.Nd2 O-O
10.b4 c6 11.Rb1 Qc7 12.a4 a5 13.b5 cxd5 14.Nxd5 Nfxd5 15.cxd5 f5 16.Ba3 Qd8
17.Rc1 Kh8 18.h5 g5 19.g4 fxg4 20.Bxg4 Bxg4 21.Qxg4 Rf4 22.Qe2 Ng8 23.Nf1 Qb6
24.Rc4 Raf8 25.Rh2 Ne7 26.Bc1 Rf3 27.Be3 Qd8 28.Nd2 R3f7 29.Qd1 Qd7 30.b6 Rc8
31.Qc2 Rxc4 32.Qxc4 Ng8 33.Ke2 Nf6 34.Rh1 Nxh5 35.Rc1 Kh7 36.Qb5 Qg4+ 37.Kd3
Nf4+ 38.Bxf4 Qxf4 39.f3 g4 40.fxg4 Qg3+ 41.Kc2 Qxg4 42.Qxa5 h5 43.Qb4 Bh6 44.a5
Qe2 45.Rd1 Rf2 46.Qc3 Qxe4+ 47.Qd3 Qxd3+ 48.Kxd3 h4 49.a6 bxa6 50.b7 Rf8 51.Nc4
Rb8 52.Rb1 h3 53.Na5 h2 54.Nc6 h1=Q 55.Rxh1 Rxb7 56.Nd8 Re7 57.Kc4 Kg6 58.Ra1
Ra7 59.Nc6 Ra8 60.Ne7+ Kf7 61.Nf5 Bf8 62.Ra5 Ke8 63.Ne3 Be7 64.Nf5 Bf8 65.Ne3
Ra7 66.Ra4 Be7 67.Nf5 a5 68.Ne3 Bd8 69.Ra2 Rb7 70.Rf2 Ke7 71.Nf5+ Kd7 72.Rh2
Rb4+ 73.Kd3 Bc7 74.Rh7+ Kc8 75.Ne7+ Kb7 76.Nc6 Rb5 77.Ke4 a4 78.Nxe5 a3 79.Nc4
Rb4 80.Kd3 a2 81.Nxd6+ Ka6 82.Rxc7 a1=Q 83.Rc6+ Rb6 84.Rxb6+ Kxb6 85.Ne4 Qe5

[Event "7th EuropCh Women"]
[Site "Kusadasi / Turkey"]
[Date "2006.04.10"]
[Round "7"]
[Board "1"]
[White "Przezdziecka, Marta"]
[Black "Kubikova, Alena"]
[Result "1-0"]
[WhiteElo "2265"]
[BlackElo "2098"]
[PlyCount "85"]
[EventDate "2006.04.04"]
[EventRounds "11"]
[EventCountry "AUT"]

1.d4 Nf6 2.Nf3 c5 3.d5 b5 4.Bg5 Ne4 5.Bh4 Qa5+ 6.Nbd2 d6 7.a4 bxa4 8.c3 Nxd2
9.Nxd2 Bd7 10.e4 g6 11.Bd3 Bg7 12.O-O a6 13.Bc2 Qb5 14.Qc1 Qa5 15.f4 Bb5 16.Re1
f6 17.Qd1 c4 18.Bxa4 O-O 19.Bf2 Rd8 20.Qc2 Nd7 21.Bxb5 Qxb5 22.Ra4 a5 23.Nxc4
Rdb8 24.Rea1 Nc5 25.Bxc5 Qxc5+ 26.Qf2 Qb5 27.R1a2 Rb7 28.Rxa5 Rxa5 29.Nxa5 Rb8
30.Nc6 Qb3 31.Ra1 Qxb2 32.Qxb2 Rxb2 33.Ra8+ Kf7 34.Nd8+ Ke8 35.Ne6+ Kf7 36.Rc8
h6 37.Rc7 Bf8 38.Kf1 h5 39.Nd8+ Ke8 40.Nc6 Rc2 41.Rc8+ Kf7 42.Nd8+ Ke8 43.Ne6+

[Event "7th EuropCh Women"]
[Site "Kusadasi / Turkey"]
[Date "2006.04.10"]
[Round "7"]
[Board "1"]
[White "Bulmaga, Irina"]
[Black "Bensdorp, Marlies"]
[Result "0-1"]
[WhiteElo "2002"]
[BlackElo "2251"]
[PlyCount "150"]
[EventDate "2006.04.04"]
[EventRounds "11"]
[EventCountry "AUT"]

1.e4 c5 2.Nf3 e6 3.d3 Nc6 4.c3 d5 5.Qe2 Nf6 6.g3 Be7 7.Bg2 O-O 8.e5 Nd7 9.O-O b5
10.Re1 a5 11.h4 Ba6 12.Bf4 b4 13.c4 Nb6 14.Nbd2 Qd7 15.h5 h6 16.Rac1 Rad8 17.Nf1
dxc4 18.dxc4 Qd3 19.Qxd3 Rxd3 20.N1d2 a4 21.Bf1 Rd7 22.Ne4 Na5 23.Ned2 Rfd8
24.b3 Bb7 25.Rb1 axb3 26.axb3 Ra8 27.Kh2 Nc8 28.g4 Na7 29.Kg3 N7c6 30.Ra1 Nd4
31.Nxd4 Rxd4 32.Be3 Rdd8 33.Ra2 Nc6 34.Rxa8 Rxa8 35.Bg2 Ra3 36.Bxc6 Bxc6 37.f3
Kf8 38.Rf1 Ke8 39.Re1 Ra2 40.Rb1 Kd7 41.Kh3 Kc7 42.Kg3 Kb6 43.f4 Rc2 44.Rg1 f6
45.Kf2 Ra2 46.Kg3 Rc2 47.Kh3 fxe5 48.fxe5 Bg5 49.Nf1 Re2 50.Rg3 Re1 51.Bxg5 hxg5
52.Nh2 Rxe5 53.Nf3 Bxf3 54.Rxf3 Re2 55.Kg3 Kc6 56.Rf7 Re3+ 57.Rf3 Rc3 58.Kf2
Rc2+ 59.Kg1 Rd2 60.Rf7 Rd3 61.Rxg7 Rxb3 62.Kf2 Rc3 63.Rxg5 b3 64.Rg8 Rxc4 65.h6
b2 66.Rc8+ Kb7 67.h7 b1=Q 68.h8=Q Rc2+ 69.Kg3 Qg1+ 70.Kf4 Rc4+ 71.Ke5 Qd4+
72.Kxe6 Qxg4+ 73.Kd5 Qe4+ 74.Kd6 Rd4+ 75.Kxc5 Qd5#

[Event "7th EuropCh Women"]
[Site "Kusadasi / Turkey"]
[Date "2006.04.10"]
[Round "7"]
[Board "1"]
[White "Melia, Salome"]
[Black "Shukurova, Meihriban"]
[Result "1-0"]
[WhiteElo "2393"]
[BlackElo "2205"]
[PlyCount "103"]
[EventDate "2006.04.04"]
[EventRounds "11"]
[EventCountry "AUT"]

1.e4 e5 2.Nf3 Nc6 3.Bb5 f5 4.d3 fxe4 5.dxe4 Nf6 6.O-O Bc5 7.Qe2 d6 8.Qc4 Qe7
9.Nc3 Bd7 10.Nd5 Nxd5 11.exd5 Nd4 12.Bxd7+ Qxd7 13.Nxe5 Qf5 14.Nd3 O-O-O 15.Kh1
b5 16.Qc3 Qxd5 17.Nxc5 dxc5 18.Qh3+ Kb7 19.c3 Ne6 20.a4 a6 21.Be3 g5 22.axb5
axb5 23.b4 h5 24.bxc5 c6 25.Rfc1 Nc7 26.Qg3 Rd7 27.Qxg5 Rg8 28.Qxd5 Nxd5 29.Bd4
Nf4 30.g3 Ne2 31.Rc2 Nxd4 32.Rca2 Rb8 33.Ra7+ Kc8 34.Rxd7 Kxd7 35.Rd1 Rf8
36.Rxd4+ Kc7 37.Kg2 Rf5 38.f4 Rxc5 39.Rd3 Rf5 40.Kf3 Kb6 41.Ke4 Rf8 42.f5 Kc5
43.Ke5 Kc4 44.Rf3 c5 45.f6 b4 46.cxb4 cxb4 47.f7 b3 48.Kf6 b2 49.Rf1 Rb8 50.Kg7
Kc3 51.f8=Q Rxf8 52.Kxf8

[Event "7th EuropCh Women"]
[Site "Kusadasi / Turkey"]
[Date "2006.04.10"]
[Round "7"]
[Board "1"]
[White "Makka, Ioulia"]
[Black "Maksimovic, Suzana"]
[Result "1-0"]
[WhiteElo "2198"]
[BlackElo "2295"]
[PlyCount "67"]
[EventDate "2006.04.04"]
[EventRounds "11"]
[EventCountry "AUT"]

1.e4 c5 2.Nf3 Nc6 3.d4 cxd4 4.Nxd4 Nf6 5.Nc3 e5 6.Ndb5 d6 7.Bg5 a6 8.Na3 b5
9.Nd5 Be7 10.Bxf6 Bxf6 11.c3 O-O 12.Nc2 Bg5 13.a4 bxa4 14.Rxa4 a5 15.Bb5 Bb7
16.O-O g6 17.Qd3 Kh8 18.Nce3 Ra7 19.Rfa1 f5 20.exf5 gxf5 21.Nxf5 Nd4 22.Rxd4 Bc8
23.Ng3 Raf7 24.Re4 Rxf2 25.Re2 R2f7 26.Rf1 Rxf1+ 27.Nxf1 Bf5 28.Qc4 Qa8 29.Rf2
Qa7 30.Qc7 Qxf2+ 31.Kxf2 Bd3+ 32.Kg3 Bxb5 33.Nfe3 Bf4+ 34.Kh3

[Event "7th EuropCh Women"]
[Site "Kusadasi / Turkey"]
[Date "2006.04.10"]
[Round "7"]
[Board "1"]
[White "Pavlovskaya, Evgenia"]
[Black "Dragomirescu, Angela"]
[Result "1/2-1/2"]
[WhiteElo "2182"]
[BlackElo "2261"]
[PlyCount "70"]
[EventDate "2006.04.04"]
[EventRounds "11"]
[EventCountry "AUT"]

1.e4 d6 2.d4 Nf6 3.Be3 g6 4.Nc3 c6 5.Qd2 Nbd7 6.f3 b5 7.g4 Nb6 8.b3 Bb7 9.Nge2
h5 10.g5 Nfd7 11.Bg2 Bg7 12.O-O O-O 13.Rae1 b4 14.Nd1 c5 15.c3 bxc3 16.Ndxc3
cxd4 17.Bxd4 Bxd4+ 18.Nxd4 Rc8 19.f4 Ba6 20.Rf2 e5 21.Ndb5 exf4 22.Nxd6 Rc5
23.e5 Rxe5 24.Rxe5 Nxe5 25.Nce4 Nbd7 26.Rxf4 Nd3 27.Nf6+ Nxf6 28.Rxf6 Qb6+
29.Kh1 Qd4 30.h3 Qe5 31.Nc4 Bxc4 32.bxc4 Qa1+ 33.Rf1 Qd4 34.Bd5 Rb8 35.Qe2 Ne5

[Event "7th EuropCh Women"]
[Site "Kusadasi / Turkey"]
[Date "2006.04.10"]
[Round "7"]
[Board "1"]
[White "Eckhardt, Claudia"]
[Black "Isgandarova, Khayala"]
[Result "0-1"]
[WhiteElo "2260"]
[BlackElo "2104"]
[PlyCount "161"]
[EventDate "2006.04.04"]
[EventRounds "11"]
[EventCountry "AUT"]

1.d4 Nf6 2.Nf3 g6 3.g3 Bg7 4.Bg2 d6 5.O-O O-O 6.a4 Nbd7 7.a5 Rb8 8.c3 e5 9.dxe5
dxe5 10.Qa4 e4 11.Nd4 Nc5 12.Qa3 Ne6 13.Be3 a6 14.b4 Ng4 15.Nxe6 Bxe6 16.Ba7 Ra8
17.Bc5 Re8 18.h3 Ne5 19.Qc1 f5 20.Na3 Qf6 21.Bd4 h6 22.Re1 Qf7 23.Qc2 g5 24.Rac1
Rad8 25.Rf1 f4 26.Bxe5 Bxe5 27.Qxe4 Qg7 28.gxf4 gxf4 29.Qf3 Kh8 30.Rfd1 c6
31.Kh1 Bd5 32.Qg4 Bxg2+ 33.Qxg2 Bxc3 34.Qxg7+ Bxg7 35.Rxd8 Rxd8 36.Nc4 Bf8
37.Kg2 Bxb4 38.Rb1 c5 39.Kf3 Rd4 40.Rc1 Kg7 41.e3 fxe3 42.fxe3 Rh4 43.Kg3 Be1+
44.Kg2 Bb4 45.Nd6 Kf6 46.Kg3 Rh5 47.Kg4 Rd5 48.Nc4 Ke6 49.Kf4 Rf5+ 50.Kg4 Rg5+
51.Kf4 Rg2 52.Rd1 Rc2 53.Nd6 c4 54.Nxb7 c3 55.Nd8+ Kf6 56.Nc6 Ba3 57.Nd4 Rd2
58.Rf1 Ke7 59.Nf3 Rd6 60.Rf2 Rd5 61.Rc2 Bb2 62.Nd4 Kd7 63.Ke4 Rxa5 64.Ne2 Rc5
65.Kd4 Kd6 66.e4 Rc8 67.e5+ Ke6 68.Nf4+ Kf5 69.Nd3 Rd8+ 70.Kc4 Rb8 71.Kd5 Rd8+
72.Kc4 Ke4 73.Re2+ Kf3 74.Rc2 Rb8 75.e6 Ke3 76.Nc5 a5 77.Kd5 a4 78.Nxa4 Kd3
79.Rxc3+ Bxc3 80.Nxc3 Kxc3 81.e7

[Event "7th EuropCh Women"]
[Site "Kusadasi / Turkey"]
[Date "2006.04.10"]
[Round "7"]
[Board "1"]
[White "Wilson, Alexandra"]
[Black "Sommer, Sonja"]
[Result "1-0"]
[WhiteElo "2099"]
[BlackElo "2047"]
[PlyCount "43"]
[EventDate "2006.04.04"]
[EventRounds "11"]
[EventCountry "AUT"]

1.e4 e5 2.d4 exd4 3.c3 d5 4.exd5 Qxd5 5.cxd4 Nf6 6.Nf3 Bb4+ 7.Nc3 O-O 8.Be2 c6
9.O-O Qd8 10.Qb3 Bd6 11.Bg5 h6 12.Bh4 g5 13.Bg3 Bxg3 14.hxg3 g4 15.Nh4 Qxd4
16.Rad1 Qb6 17.Qc2 Qc5 18.Bd3 Be6 19.Bf5 Bxa2 20.Qd2 Be6 21.Qxh6 Bxf5 22.Qg5+

[Event "7th EuropCh Women"]
[Site "Kusadasi / Turkey"]
[Date "2006.04.10"]
[Round "7"]
[Board "1"]
[White "Bensdorp, Laura"]
[Black "Steil Antoni, Fiona"]
[Result "1-0"]
[WhiteElo "2098"]
[BlackElo "1968"]
[PlyCount "55"]
[EventDate "2006.04.04"]
[EventRounds "11"]
[EventCountry "AUT"]

1.e4 e5 2.Nf3 Nc6 3.d4 exd4 4.Nxd4 Bc5 5.Be3 Qf6 6.c3 Nge7 7.g3 d5 8.Bg2 Nxd4
9.cxd4 Bb4+ 10.Nc3 Bxc3+ 11.bxc3 dxe4 12.Bxe4 c6 13.O-O Nd5 14.c4 Nc3 15.Qc2
Nxe4 16.Qxe4+ Qe6 17.Qd3 Qg6 18.Qa3 Be6 19.Rfe1 Rd8 20.Rad1 Qf5 21.d5 cxd5
22.Qa4+ Kf8 23.Bc5+ Kg8 24.cxd5 Bd7 25.Qxa7 Bc8 26.Qb6 Qf6 27.Qxf6 gxf6 28.Be7